Statistics for Új-Zéland 100 legnagyobb városa térképpel

Click here to take the quiz!

General Stats

  • This quiz has been taken 4 times
  • The average score is 14 of 100

Answers on the Map

Answers color-coded by a green-red scale on the quiz's map according to % correct below.
Loading ...
 

Answer Stats

népesség magába foglalja város % Correct
1 638 800Hibiscus Coast, Waiheke Island,
Beachlands, Huapai
Auckland
100%
418 500Upper Hutt, Lower Hutt, PoriruaWellington
100%
407 600Kaiapoi, Lyttelton, Prebbleton, WoodendChristchurch
75%
70 600Havelock NorthHastings
50%
63 900Napier
50%
67 500RichmondNelson
50%
51 200Invercargill
50%
203 100Hamilton
50%
122 000MosgielDunedin
50%
2950Arrowtown
25%
8350Te Puke
25%
8150Huntly
25%
7520Kerikeri
25%
7350Thames
25%
5740Stratford
25%
5320Carterton
25%
4890Warkworth
25%
5180Dargaville
25%
4710Katikati
25%
4350Picton
25%
13 950Oamaru
25%
3960Westport
25%
3590Hokitika
25%
3150Helensville
25%
2150Kaikoura
25%
9700Greymouth
25%
5860Kaitaia
25%
2100Wellsford
25%
22 200Masterton
25%
40 900Whanganui
25%
37 200Gisborne
25%
58 300New Plymouth
25%
31 600RenwickBlenheim
25%
31 400Pukekohe
25%
58 800Whangarei
25%
29 100Timaru
25%
24 700Taupo
25%
59 500NgongotahaRotorua
25%
42 700Paraparaumu, WaikanaeKapiti Coast
25%
89 500AshhurstPalmerston North
25%
141 600Papamoa, OmokoroaTauranga
25%
19 540Lake HayesQueenstown
25%
19 750Ohope BeachWhakatane
25%
2380Greytown
0%
4320Opotiki
0%
2140Te Anau
0%
4290Wairoa
0%
4220Waipukurau
0%
4100Putaruru
0%
3990Balclutha
0%
2160Waipawa
0%
3960Whangamata
0%
3630Inglewood
0%
2220Waihi Beach
0%
2170Oxford
0%
2480Featherston
0%
3320Turangi
0%
2230Darfield
0%
3310Raglan
0%
2270Mapua
0%
2360Wakefield
0%
2890Waimate
0%
2750Otorohanga
0%
2370Winton
0%
2570Pahiatua
0%
2500Geraldine
0%
4350Te Aroha
0%
18 300Rangiora
0%
4370Temuka
0%
7080Kawerau
0%
16 850Feilding
0%
16 250Rolleston
0%
14 050Tokoroa
0%
12 150Hawera
0%
9910Gore
0%
9780Waiuku
0%
8890Wanaka
0%
8450Motueka
0%
20 200Ashburton
0%
20 600Cambridge
0%
7920Matamata
0%
7870Morrinsville
0%
21 200Levin
0%
7040Waitara
0%
4410Paeroa
0%
6580Ngaruawahia
0%
6410Otaki
0%
6100Lincoln
0%
5510Alexandra
0%
5360Dannevirke
0%
5160Cromwell
0%
5150Waihi
0%
5080Whitianga
0%
5040Snells Beach
0%
4950Marton
0%
4720Foxton
0%
17 500KihikihiTe Awamutu
0%
4640Te Kuiti
0%
4560Kaikohe
0%
4720Taumarunui
0%

Score Distribution

Percentile by Number Answered

Percent of People with Each Score

Your Score History

You have not taken this quiz